000 00789nam a2200217 a 4500
005 20240920064012.0
008 991125s1979 mx 000 0 spa u
020 _a9688040711
035 _aUPN01000008070
049 _aLTG
050 4 _aLC5255 M616
_bC5 1979 LE
245 0 0 _aCiencias sociales :
_btercera parte : primaria intensiva para adultos
_bprimaria intensiva para adultos /
_cLuis G. Benavides Ilizaliturri... [et al.]
260 _aMéxico :
_bCEMPAE,
_c1979
300 _a317 p. :
_bil. col.
500 _aLibro de texto gratuito
650 4 _aEducación de adultos
_zMéxico
_95673
700 1 _aBenavides Ilizaliturri, Luis Gonzaga,
_ecoaut.
_934533
710 2 _aComisión Nacional de los Libros de Texto Gratuitos (México)
_928140
904 _aAC
_b008070
905 _aLibro
999 _c8070
_d8070